000 00971nas a2200265 4500
001 BR8300591
003 BR-BrBNA
005 20231205085426.0
007 ta
008 230509b bl.|||p| |||| 00| 00por d
040 _aBR-BrBNA
_bpor
_cBiblioteca Nacional de Agricultura
041 _a(Pt)
072 _aH20
100 1 _aCastro, P.R.C.
100 1 _aKimati, H.
100 1 _aMoraes, R.S.
245 1 _aComportamento de Glycine max cv. Davis tratada com reguladores vegetais sob infestacao de Colletotrichum dematium f. truncata [soja, antracnose]
246 1 _a[Behaviour of Glycine max cv. Davis treated with plant regulatons under infestation of Colletotrichum dematium f. truncata [soybean, anthracnose]]
650 _aSOJA
650 _aANTRACNOSE
650 _aINFESTACAO
773 0 _tRevista de Agricultura (Brazil)
_xISSN 0034-7655
_g(Nov 1982), v. 57(3) p. 183-191
_wBR8300591
909 _a202311
_bLúcia
_c55
_dLúcia Elande
942 _2AGRIS
_n0
_cANA
999 _c111366
_d111366